Documento firmado por el [Rey Carlos IV] (Record no. 4681)

MARC details
000 -CABECERA
campo de control de longitud fija 01524nam a2200325 a 4500
001 - NÚMERO DE CONTROL
campo de control BRCA_4987
005 - FECHA Y HORA DE LA ÚLTIMA TRANSACCIÓN
campo de control 20190320204905.0
008 - DATOS DE LONGITUD FIJA--INFORMACIÓN GENERAL
campo de control de longitud fija 281010m17681805sp-######v---#000-0#spa-#
041 ## - CÓDIGO DE LENGUA
Código de lengua del texto/banda sonora o título independiente spa
044 ## - CÓDIGO DEL PAÍS DE LA ENTIDAD EDITORA/PRODUCTORA
Código MARC del país sp
084 ## - OTRO NÚMERO DE CLASIFICACIÓN
Número de clasificación DOC83
Número de documento/Ítem .C37
-- 1768
245 10 - MENCIÓN DE TÍTULO
Título Documento firmado por el [Rey Carlos IV]
Mención de responsabilidad, etc. Carlos IV y Don Manuel de la Borda
260 ## - PUBLICACIÓN, DISTRIBUCIÓN, ETC.
Lugar de publicación, distribución, etc. El Pardo, España
Fecha de publicación, distribución, etc. 1768-1805
300 ## - DESCRIPCIÓN FÍSICA
Extensión [12] fojas
Dimensiones 31 x 21 cm
500 ## - NOTA GENERAL
Nota general Documento firmado el 11 de marzo de 1768 en El Pardo
500 ## - NOTA GENERAL
Nota general Se dan amplias facultades a Don Manuel de la Borda para la explotación de la Mina La Quebradilla Zacatecas por ser la persona más inteligente y conocedora de trabajos mineros
500 ## - NOTA GENERAL
Nota general El documento tiene la leyenda DOC. #243
500 ## - NOTA GENERAL
Nota general Al margen sello con escudo español de Carlos IV y leyenda: SELLO SEGUNDO DOCE REALES. AÑOS DE MIL OCHOCIENTOS QUATRO Y OCHOCIENTOS CINCO
500 ## - NOTA GENERAL
Nota general [Real cédula] firmada como ´Yo el Rey´
500 ## - NOTA GENERAL
Nota general Papel con marca de agua
506 0# - NOTA DE RESTRICCIONES AL ACCESO
Limitaciones de acceso Fondo reservado: para su consulta es necesario credencial de usuario y carta de motivos
546 ## - NOTA DE LENGUA/LENGUAJE
Nota de lengua/lenguaje Texto en: español de mediados del siglo XVIII
600 14 - PUNTO DE ACCESO ADICIONAL DE MATERIA--NOMBRE DE PERSONA
Nombre de persona Carlos
Numeración IV
Títulos y otros términos asociados al nombre Rey de España
Fechas asociadas al nombre 1748-1819
9 (RLIN) 12699
650 14 - PUNTO DE ACCESO ADICIONAL DE MATERIA--TÉRMINO DE MATERIA
Término de materia o nombre geográfico como elemento de entrada Minería
Subdivisión de forma Manuscrito
Subdivisión general Historia
Subdivisión cronológica Colonia, 1521-1821
Subdivisión geográfica México
9 (RLIN) 12700
651 #4 - PUNTO DE ACCESO ADICIONAL DE MATERIA--NOMBRE GEOGRÁFICO
Nombre geográfico México
Subdivisión de forma Manuscrito
Subdivisión general Historia
Subdivisión cronológica Colonia, 1521-1821
9 (RLIN) 12701
651 #4 - PUNTO DE ACCESO ADICIONAL DE MATERIA--NOMBRE GEOGRÁFICO
Nombre geográfico España
Subdivisión de forma Manuscrito
Subdivisión general Historia
Subdivisión cronológica Casa de Borbón, 1700
9 (RLIN) 12702
700 1# - PUNTO DE ACCESO ADICIONAL--NOMBRE DE PERSONA
Nombre de persona Borda, Manuel de la
9 (RLIN) 12703
902 ## - CATALOGADOR
Iniciales FDH
942 ## - ELEMENTOS DE PUNTO DE ACCESO ADICIONAL (KOHA)
Fuente del sistema de clasificación o colocación Library of Congress Classification
Tipo de ítem Koha Documentos
Holdings
Estado de retiro Estado de pérdida Estado dañado No para préstamo Localización permanente Ubicación/localización actual Fecha de adquisición Total de préstamos Signatura topográfica completa Código de barras Fecha visto por última vez Precio válido a partir de Tipo de ítem Koha
El ejemplar forma parte de la colección y puede ser consultado según las políticas vigentes.       Biblioteca del Museo Franz Mayer (Rogerio Casas-Alatriste) Biblioteca del Museo Franz Mayer (Rogerio Casas-Alatriste) 28/10/2010   DOC83 .C37 1768 5071 22/03/2019 22/03/2019 Documentos